000 03639cam a22004334a 4500
001 muse84191
003 MdBmJHUP
005 20210127151525.0
006 m o d
007 cr||||||||nn|n
008 180119t20142014gw o 00 0 eng d
010 _z 2017434658
020 _a9783944773100
020 _z9783944773001
020 _z3944773004
035 _a(OCoLC)1145417005
040 _aMdBmJHUP
_cMdBmJHUP
050 0 4 _aK160
_b.E58 2014
245 0 0 _aEntanglements in Legal History: Conceptual Approaches
_cThomas Duve (ed.).
300 _a1 online resource (vii, 568 pages) :
_billustrations ;
490 0 _aGlobal perspectives on legal history ;
_vvolume 1
504 _aIncludes bibliographical references.
505 0 0 _tEntanglements in legal history : introductory remarks /
_rThomas Duve --
_tEuropean legal history : concepts, methods, challenges /
_rThomas Duve --
_tCoding the nation : codification history from a (post-)global perspective /
_rInge Kroppenberg, Nikolaus Linder --
_tTowards new conceptual approaches in legal history : rethinking "Hindu law" through Weber's sociology of religion /
_rGeetanjali Srikantan --
_tLegal transplants between time and space /
_rGeorge Rodrigo Bandeira Galindo --
_tAncient entanglements : the influence of Greek treaties in Roman 'international law' under the framework of narrative transculturation /
_rEmiliano J. Buis --
_tA transnational empire built on law : the case of the commercial jurisprudence of the House of Trade of Seville (1583-1598) /
_rAna Belem Fernández Castro --
_tEntangled up in red, white, and blue : Spanish West Florida and the American territory of Orleans, 1803-1810 /
_rSeán Patrick Donlan --
_tGerman colonial law and comparative law, 1884-1919
_rJakob Zollmann --
_tNapoleon in America? Reflections on the concept of 'legal reception' in the light of the civil law codification in Latin America /
_rFrancisco J. Andres Santos --
_tLibraries of civil codes as mirrors of normative transfers from Europe to the Americas : the experiences of Lorimier in Quebec (1871-1890) and Varela in Argentina (1873-1875) /
_rAgustín Parise --
_tTranslations of the "American model" in nineteenth century Argentina : constitutional culture as a global legal entanglement /
_rEduardo Zimmermann --
_tModern constitutionalism and legal transfer : the political offence in the French Charte Constitutionnelle (1830) and the Belgian Constitution (1831) /
_rBram Delbecke --
_tDiscovering legal silence : global legal history and the liquidation of state bankruptcies (1854-1907) /
_rLea Heimbeck --
_tThe history of European international law from a global perspective : entanglements in eighteenth and nineteenth century India /
_rClara Kemme --
_tGlobal criminology and national tradition : the impact of reform movements on criminal systems at the beginning of the 20th century /
_rMichele Pifferi.
506 0 _aOpen Access
_fUnrestricted online access
_2star
588 _aDescription based on print version record.
650 0 _aLaw.
_2fast
_0(OCoLC)fst00993678
650 0 _aLaw
_xHistory.
655 0 _aHistory.
_2fast
_0(OCoLC)fst01411628
655 7 _aElectronic books.
_2local
700 1 _aDuve, Thomas,
_d1967-
_eeditor.
710 2 _aMax-Planck-Institut für Europäische Rechtsgeschichte,
_eissuing body.
710 2 _aProject Muse.
_edistributor
830 0 _aGlobal perspectives on legal history ;
_vv. 1.
830 0 _aBook collections on Project MUSE.
856 4 0 _zFull text available:
_uhttps://muse.jhu.edu/book/73800/
999 _c26053
_d26053